000
00267nam a22001337a 4500
020
_a
1-84557-330-7
082
_a
920
_b
JOS/T
100
_a
JOSEPH,MARY
245
_a
THOMAS EDISON
260
_a
UK
_b
RISING SUN
300
_a
31
650
_a
BIOGRAPHY
_z
UK
942
_c
BK
999
_c
6180
_d
6180